Chvalozpěv mládí pro ženský (dívčí) sbor a klavír /

Hlavní autor: Fiala, Petr, 1943-
Další autoři: Nováková, Zuzana, 1943-
Jazyk: Čeština
Vydáno: Praha : Panton, 1974
Vydání: 1. vyd.
Edice: Sborová tvorba
Témata:
Fyzický popis: 20 s.
Hudebniny Hudebniny
Uloženo v:
LEADER 00990ncm a22002652a 4500
001 000571863
003 CZ BrMZK
005 20120606092240.0
007 qu
008 010825s1974 xr f cze d
040 |a BOA001  |b cze 
072 7 |a 784  |x Vokální hudba  |2 Konspekt  |9 9 
100 1 |a Fiala, Petr,  |d 1943-  |7 jn19981001089  |4 cmp 
245 1 0 |a Chvalozpěv mládí  |h [hudebnina] :  |b pro ženský (dívčí) sbor a klavír /  |c Petr Fiala ; na texty Zuzany Novákové 
250 |a 1. vyd. 
260 |a Praha :  |b Panton,  |c 1974 
300 |a 20 s. 
490 1 |a Sborová tvorba 
700 1 |a Nováková, Zuzana,  |d 1943-  |7 jk01102347  |4 lyr 
830 0 |a Sborová tvorba 
910 |a BOA001  |b PK-N-0016.529  |b Mus4-0729.380 
964 |a Písně sborové ženské - doprovody klavírní 
990 |a MU 
996 7 |b 2619089752  |c Mus4-0729.380  |l MZK  |r Sklad / do 1 hodiny  |n 0  |w 000571863  |u 000020  |a 1  |e BOA001  |j MZK50  |s A 
996 6 |c PK-N-0016.529  |l MZK  |r Sklad / do 1 hodiny  |n 0  |w 000571863  |u 000010  |a 1  |e BOA001  |j MZK50  |s P